01504nam a2200361 a 4500001001000000003000500010005001700015008004100032010001100073011001100084040000900095090001000104100004600114245011900160260004100279500006000320502007000380590004100450590004100491590004000532590004000572650003500612650002600647650004800673650003300721856007000754901000700824942001000831942000600841999001900847952014000866952013601006000110880CHAP20220329144149.0141017s2014 mx a fsm |||||||spa d a107342 a108314 cCHAP aTesis1 aRuiz Chávez, Francisco Jhovanny912863410aModelo lluvia-escurrimiento de la cuenca del Río Guanajuatoh[En línea]cpor Francisco Jhovanny Ruiz Chávez. aChapingo, Méx. :bEl autor,c2014. aPara ver el contenido del material haga clic en la liga aTesis (Ing. en Irrigación)-- UACH. Departamento de Irrigación aE11695DGDb10c20141017lUCH01h1417 aE11695DGDb10c20141017lUCH01h1419 aE5995AHEb05c20141017lUCH01h0948 aE5995AHEb05c20141017lUCH01h094814aCuencas hidrológicas.93009214aEscurrimiento.93767514aHidrologíaxModelos matemáticos.95526714aLluviaxSimulación.967339 aFinding aiduhttp://10.13.5.2/tesis/sist110880.pdfzTeclea aquí aBK cTESIS n0 c107342d107342 00102local4053708TESISaBCbBCcPA_TESISd2014-10-17fTESISl0oTesisp33724002425165r2019-12-31 00:00:00tc.2w2019-12-31yTESIS 00104054718TESISaBCbBCd2014-10-17fTESISl0oTesisp33724002425207r2019-12-31 00:00:00w2019-12-31yTESISzRecien adquirido